000 00807nam a2200241Ia 4500
003 GCL
008 140319s9999 xx 000 0 ara d
040 _aGCL /
_cGCL
082 0 4 _a953.071
_bس ت
100 1 _aسيمون الحايك
245 1 0 _aتعربت وتغربت او نقل الحضارة العربية الى الغرب /
_cسيمون الحايك
260 _a[S.N] :
_bلجنة الاعلام والدراسات المستقبلية ،
_c1987
300 _a605 ص
490 _a
650 0 4 _aالاندلس
650 0 4 _aالتاريخ الاسلامى
650 0 4 _aالتاريخ
650 0 4 _aالعرب فى اسبانيا
650 0 4 _aالعلوم عند العرب
650 0 4 _aفتح الاندلس
650 0 4 _aالحضارة الاسلامية
942 _2ddc
_cBK
999 _c56245
_d56245